Curso sobre preparación y evaluación de proyectos de desarrollo agrícola /
Contiene material didáctico para el curso sobre preparación de personal especializado para la formulación, evaluación y administración de proyectos agrícolas, en Honduras. Inserta información de varios autores sobre dicha temática, a saber: el recurso agua, suelos, análisis institucional, mercadeo y...
Guardat en:
| Autor principal: | |
|---|---|
| Autor corporatiu: | , , |
| Altres autors: | , , , |
| Format: | Text |
| Publicat: |
Tegucigalpa:
Secretaría de Recursos Naturales
|
| Matèries: | |
| Etiquetes: |
Afegir etiqueta
Sense etiquetes, Sigues el primer a etiquetar aquest registre!
|
MARC
| LEADER | 00000 a a2200000 04500 | ||
|---|---|---|---|
| 001 | 20259 | ||
| 003 | |||
| 040 | |||
| 090 | |a 083900 | ||
| 100 | |a Torrealba, Pablo | ||
| 110 | |a Honduras. Secretaría de Recursos Natuales | ||
| 245 | |a Curso sobre preparación y evaluación de proyectos de desarrollo agrícola / |c Honduras. Secretaría de Recursos Natuales | ||
| 260 | |a Tegucigalpa: |b Secretaría de Recursos Naturales | ||
| 300 | |a 586 p. | ||
| 520 | |a Contiene material didáctico para el curso sobre preparación de personal especializado para la formulación, evaluación y administración de proyectos agrícolas, en Honduras. Inserta información de varios autores sobre dicha temática, a saber: el recurso agua, suelos, análisis institucional, mercadeo y comercialización de productos agropecuarios, elementos de eficiencia técnica y económica, planificación a nivel de unidad de producción, costos y financiamiento, evaluación de proyectos y presentación de registros./ACM | ||
| 650 | |a HONDURAS | ||
| 650 | |a PROYECTOS AGRICOLAS | ||
| 650 | |a ELABORACION DE PROYECTOS | ||
| 650 | |a EVALUACION DE PROYECTOS | ||
| 700 | |a Infante, Mario | ||
| 700 | |a Buarque, Cristovam | ||
| 700 | |a Villasuso Estomba, Juan Manuel | ||
| 700 | |a Murcia, Héctor H. | ||
| 710 | |a BID | ||
| 710 | |a IICA | ||
| 999 | |c 10529 |d 10529 | ||
